La Seu d'Urgell - Choix multiples - Statistiques

Statistiques générales
  • Ce quiz a été pris 7 fois
  • Le résultat moyen est 7 sur 10
Statistiques - réponses
Question Réponse % Correct
De quel style architectural la cathédrale d'Urgell est-elle l'unique représentante de Catalogne ? Roman
100%
Quelle est la particularité de l'évêque d'Urgell ? Il est coprince d'Andorre avec le Président français.
83%
Au creux de quel massif des Pyrénées la municipalité est-elle nichée ? La serra del Cadí
83%
Dans quelle province catalane La Seu se situe-t-elle ? Lérida
83%
A la confluence de quels cours d'eau la ville se situe-t-elle ? Le Sègre et la Valira
83%
Quelle discipline sportive eut ses épreuves disputées à La Seu lors des Jeux olympiques de Barcelone, en 1992 ? Le canoë-kayak
67%
Quel produit désigne l'appellation Cadí, fabriquée exclusivement à la Seu ? Un fromage à pâte non cuite
67%
Laquelle de ces photographies représente le cloître de la cathédrale Sainte-Marie de la Seu d'Urgell ?
50%
D'où vient et que signifie "Seu" dans le nom de la ville ? Du latin sedes, "siège"
50%
Quelle infrastructure de transport trouve-t-on à La Seu d'Urgell ? Un aéroport
33%
Aucun quiz correspondant
Distribution des résultats
% des personnes avec chaque résultat
Percentile par nombre de réponses
Votre historique - résultats
Vous n’avez pas pris ce quiz